Get real 3 : Intermediate

"Get Real!" is a four-level course in American English that has been developed for learners of English in East Asia. It has been specifically created to meet the needs of East Asian students in terms of level, pace, approach, cultural relevance and design. Key features are: familiarizing s...

Full beskrivning

Sparad:
Bibliografiska uppgifter
Materialtyp: Bok
Språk:Undetermined
Publicerad: Oxford McMillan 2002
Ämnen:
Taggar: Lägg till en tagg
Inga taggar, Lägg till första taggen!
Thư viện lưu trữ: Trung tâm Học liệu Trường Đại học Cần Thơ
LEADER 01172nam a2200241Ia 4500
001 CTU_94066
008 210402s9999 xx 000 0 und d
020 |c 90000 
082 |a 428.0071 
082 |b G394/sb.3 
245 0 |a Get real 3 : 
245 0 |b Intermediate 
245 0 |c Angela Buckingham, Miles Craven 
260 |a Oxford 
260 |b McMillan 
260 |c 2002 
520 |a "Get Real!" is a four-level course in American English that has been developed for learners of English in East Asia. It has been specifically created to meet the needs of East Asian students in terms of level, pace, approach, cultural relevance and design. Key features are: familiarizing students with the English they are most likely to hear, by exposing them to a variety of regional and international accents; introduction to new language in culturally appropriate contexts through a wide range of topic 
650 |a English language 
650 |x Study and teaching 
904 |i Tuyến 
910 |a Mai chuyển số PL từ 428.24 sang 428.0071, chọn cutter theo nhan đề 
915 |a 400 
980 |a Trung tâm Học liệu Trường Đại học Cần Thơ